00658 2200181 4500245014500000020002200145250001100167100008800178700000900266700003000275650002500305005001900330260007600349041001400425084001000439300001800449336000900467 aBuku Bahan Pengajaran ASEAN bagi Pendidikan DasarcTim Penyusun Kementerian Luar Negeri RI & Kementerian Pendidikan dan Kebudayaan RI.hText a978-623-92944-0-3 aCet. 1 aTim Penyusun Kementerian Luar Negeri RI & Kementerian Pendidikan dan Kebudayaan RI. aLisa aTim SGP dan Media Grafika aBuku Pelajaran ASEAN a20240926125238 aJakartabKementerian Pendidikan dan Kebudayaan Republik Indonesiac2020 aIndonesia a371.3 ax :c260 hlm. atext